El libro del haiku /
Guardado en:
| Autor Principal: | |
|---|---|
| Formato: | Libro |
| Publicado: |
Buenos Aires :
Bajo La Luna,
2014
|
| Materias: | |
| Etiquetas: |
Agregar Etiqueta
Sin Etiquetas, Sea el primero en etiquetar este registro!
|
| LEADER | 01005nam a22002895a 4500 | ||
|---|---|---|---|
| 001 | CEM.cems018374 | ||
| 008 | 130507s2014##################000#0#####d | ||
| 005 | 20220214185055.0 | ||
| 003 | CEMS | ||
| 245 | 1 | 0 | |a El libro del haiku / |c Selección, Traducción y Estudio Crítico de Alberto Silva |
| 260 | |a Buenos Aires : |b Bajo La Luna, |c 2014 | ||
| 300 | |a 480 p. | ||
| 500 | |a Colaboradoras: Seiko Ota, Masako Kubo y Tamiko Nakamura | ||
| 505 | 0 | |a Primavera -- Verano -- Otoño -- Invierno -- Apéndice | |
| 020 | |a 9789871803590 | ||
| 100 | 1 | |a Silva, Alberto | |
| 082 | 0 | 4 | |a A861.4 |
| 653 | |a Literatura | ||
| 653 | |a Literatura japonesa | ||
| 653 | |a Poesías | ||
| 653 | |a Poesía japonesa | ||
| 653 | |a Haiku | ||
| 653 | |a Colección Juan Gelman | ||
| 653 | |a Biblioteca Juan Gelman | ||
| 859 | |a CEMS |b BIB. CEMS - Agricultura |h A861.4 |i Si381 |p A2288.15 |t Ej.1 | ||
| 859 | |a CEMS |b BIB. CEMS - 11 de abril |h A861.4 |i Si381 |p 27468.18 |t Ej.1 | ||
| 859 | |a CEMS |b BIB. CEMS - 11 de abril |h A861.4 |i Si381 |p 27742.19 |t Ej.2 | ||
